Alcohol or not? - Statistics

General Stats
  • This quiz has been taken 174 times
  • The average score is 26 of 35
Answer Stats
Hint Explanation Answer % Correct
coffee not
97%
wine alcohol
93%
vodka Little water that kicks like big water. alcohol
93%
gin alcohol
92%
rum alcohol
92%
tequila alcohol
92%
beer alcohol
90%
whiskey "Water of life" with high alcohol content. alcohol
90%
cognac alcohol
88%
water Hydro homies represent. not
87%
armagnac French "brandy". alcohol
86%
sake alcohol
86%
limoncello Italian lemon liqueur. alcohol
84%
rakia Fruit spirits from the Balkans. alcohol
84%
milk not
83%
mead 3.5–20.5% strong "honey wine". alcohol
82%
tea not
82%
juice not
81%
lemonade not
79%
vermouth Fortified wine with botanicals. alcohol
78%
absinthe Strong alcohol from Swiss canton Neuchâtel. Artists' and writers' favorite. alcohol
78%
ouzo Yet another alcoholic drink you can blame on the monks. alcohol
78%
cachaça Strong Brazilian sugarcane booze. alcohol
71%
soju 소주, an alcoholic beverage to consume with Korean BBQ. alcohol
68%
kvass Low-alcohol drink. A little bit like a sweet and sour beer. Liquid rye bread. alcohol
68%
baijiu Sorghum drink with high alcohol content. Few good brands, most not so great. alcohol
65%
araq Strong alcohol from the Levant. alcohol
64%
sarsaparilla Acquired taste soft drink. not
57%
piimä Sour milk product. Good for gut. not
57%
akvavit Potato (or grain) booze with herbs and spices. alcohol
56%
mate A tea-like drink from South America. not
52%
pastis Popular French apéritif of 40% or so strength. alcohol
48%
lassi Indian yogurt drink that may sometimes include cannabis (bhang). not
45%
dadiah Buffalo milk. not
40%
ayran Yogurt, water and salt. Sometimes with mint. not
35%
No matching quizzes found
Score Distribution
Percent of People with Each Score
Percentile by Number Answered
Your Score History
You have not taken this quiz